Rizikový manažment výroby bakalárska práca

Na minha lista:
Detalhes bibliográficos
Autor principal: Grigláková, Martina
Autor Corporativo: Fakulta podnikového manažmentu EU. Katedra manažmentu výroby a logistiky - zrušená
Outros Autores: Abrmanová, Petra
Formato: Livro
Idioma:eslovaco
Publicado em: Bratislava 2011
Tags: Adicionar Tag
Sem tags, seja o primeiro a adicionar uma tag!

MARC

LEADER 00000nbm a2200000 4500
001 0131213
005 20161109111415.6
041 0 |a slo 
044 |a SK 
245 1 0 |a Rizikový manažment výroby  |b bakalárska práca  |c Martina Grigláková ; školiteľ: Petra Abrmanová 
264 1 |a Bratislava  |c 2011 
300 |a 43 s. 
100 1 |a Grigláková, Martina 
700 1 |a Abrmanová, Petra 
710 2 |a Fakulta podnikového manažmentu EU. Katedra manažmentu výroby a logistiky - zrušená